000 01023nam a2200289 c 4500
003 BLK
005 20180420214233.0
008 180412b bul|||||r ||||||| ||bul||
010 _aKNG00008903000
020 _a944-544-023-6
_bиздат.: Веда Словена
040 _aBLK
041 _aBUL
_cBUL
080 _aБългарска литература
_b821.163.2
_x-32
_z821.163.2-32
100 1 _aСтанчев, Христо
_eпърви автор
_9252720
139 _aСтанчев, Христо
_bС 70
245 1 0 _aПлаващи облаци
_bРазкази
_cХристо Станчев.
257 _aBGR
260 Пловдив
_bВеда Словена
_c1995
300 _a111 с.
_c20 см
380 _aX
500 _aПълното име на авт. е Христо Станчев Христов ; 1 200 тир.
852 _aЦб 184116
856 4 _qpdf
_u
856 4 _qpdf
_u
942 _cKNG
_n0
944 _aCR
_c15.01.2003
_lф /
_kСимона_Петрова
944 _aED
_c01.09.2014
_lф /
_k
999 _c7587
_d7587